Normal view
MARC view
- DICKINS,ROSIE
Entry Personal Name
001 - CONTROL NUMBER
- control field: 132254
003 - CONTROL NUMBER IDENTIFIER
- control field: NUST
005 - DATE AND TIME OF LATEST TRANSACTION
- control field: 20251215101142.0
008 - FIXED-LENGTH DATA ELEMENTS
- fixed length control field: 251215|| aca||aabn | a|a d
040 ## - CATALOGING SOURCE
- Original cataloging agency: NUST
- Transcribing agency: NUST
100 ## - HEADING--PERSONAL NAME
- Personal name: DICKINS,ROSIE
670 ## - SOURCE DATA FOUND
- Source citation: Work cat.: (NUST): DICKINS,ROSIE., THE USBORNE INTRODUCTION TO MODERN ART /, 2004.
